The All England Law Reports: consolidated tables and index 1936-1998 Volume 1 (Record no. 102316)

MARC details
000 -LEADER
fixed length control field 00551cam a2200217 4500
008 - FIXED-LENGTH DATA ELEMENTS--GENERAL INFORMATION
fixed length control field 020828n1999 000 0 eng u
020 ## - INTERNATIONAL STANDARD BOOK NUMBER
International Standard Book Number 0406981612
020 ## - INTERNATIONAL STANDARD BOOK NUMBER
International Standard Book Number 0406981604
035 ## - SYSTEM CONTROL NUMBER
System control number (Sirsi) u119453
041 ## - LANGUAGE CODE
Language code of text/sound track or separate title eng.
050 ## - LIBRARY OF CONGRESS CALL NUMBER
Classification number 348.048
100 ## - MAIN ENTRY--PERSONAL NAME
Personal name Ivamy, C.
-- Editor
245 #4 - TITLE STATEMENT
Title The All England Law Reports: consolidated tables and index 1936-1998 Volume 1
260 ## - PUBLICATION, DISTRIBUTION, ETC.
Place of publication, distribution, etc. London
Name of publisher, distributor, etc. Butterworths
Date of publication, distribution, etc. 1999
300 ## - PHYSICAL DESCRIPTION
Extent 1065p.
Dimensions 25cm.
350 ## - PRICE (NR) (BK AM CF MU VM SE) [OBSOLETE]
Price 265
650 ## - SUBJECT ADDED ENTRY--TOPICAL TERM
Topical term or geographic name entry element CITATORS
650 ## - SUBJECT ADDED ENTRY--TOPICAL TERM
Topical term or geographic name entry element LAW CASES
690 ## - LOCAL SUBJECT ADDED ENTRY--TOPICAL TERM (OCLC, RLIN)
Topical term or geographic name as entry element LAW
942 ## - ADDED ENTRY ELEMENTS (KOHA)
Suppress in OPAC 0
Holdings
Withdrawn status Lost status Source of classification or shelving scheme Damaged status Not for loan Home library Current library Shelving location Date acquired Total Checkouts Full call number Barcode Date last seen Copy number Price effective from Koha item type
    Dewey Decimal Classification     London London Enquiry desk 28/08/2002   Library office shelf L56 30066500 15/05/2024 1 06/08/2019 Reference material